[Event "Munster-ch"]
[Site "Ennis"]
[Date "2015.09.20"]
[Round "4.9"]
[White "O'Connell, Denis1111"]
[Black "Miller, Jacob"]
[Result "0-1"]
[WhiteElo "1843"]
[BlackElo "1908"]
[PlyCount "61"]
[EventDate "2015.09.18"]
[EventType "swiss"]
[EventRounds "5"]
[EventCountry "IRL"]
[SourceTitle "EXT 2023"]
[Source "ChessBase"]
[SourceDate "2022.10.05"]
[SourceVersion "1"]
[SourceVersionDate "2022.10.05"]
[SourceQuality "1"]

1. e4 c5 2. b4 cxb4 3. a3 d5 4. exd5 Qxd5 5. Nf3 e5 6. Bb2 Nc6 7. c4 Qe6 8. Bd3 bxa3 9. Nxa3 Bxa3 10. Rxa3 Nge7 11. 0-0 f6 12. Re1 0-0 13. Qc2 g6 14. Bc3 Qf7 15. Rb1 Rd8 16. Ba1 b6 17. h3 Rxd3 18. Rxd3 Bf5 19. g4 Bxd3 20. Qxd3 Rd8 21. Qc2 Qe6 22. d3 g5 23. Kg2 Ng6 24. Kh2 Nf4 25. Rb3 h5 26. Kg3 hxg4 27. hxg4 Qd7 28. d4 exd4 29. Qe4 Re8 30. Qb1 Re7 31. Qf5 0-1

[Event "Munster-ch"]
[Site "Ennis"]
[Date "2015.09.19"]
[Round "3.8"]
[White "Miller, Jacob"]
[Black "Buckley, Maurice"]
[Result "0-1"]
[WhiteElo "1908"]
[BlackElo "1717"]
[PlyCount "90"]
[EventDate "2015.09.18"]
[EventType "swiss"]
[EventRounds "5"]
[EventCountry "IRL"]
[SourceTitle "EXT 2023"]
[Source "ChessBase"]
[SourceDate "2022.10.05"]
[SourceVersion "1"]
[SourceVersionDate "2022.10.05"]
[SourceQuality "1"]

1. e4 e6 2. d4 d5 3. Nc3 Bb4 4. e5 Ne7 5. Bd2 Nbc6 6. Nce2 Bd7 7. f4 0-0 8. Nf3 Nf5 9. Bxb4 Nxb4 10. Kf2 c5 11. c3 Na6 12. Ng3 Qb6 13. Qd2 cxd4 14. cxd4 Nb4 15. Nxf5 exf5 16. a3 Nc6 17. Be2 Rae8 18. g3 f6 19. Kg2 fxe5 20. fxe5 Na5 21. Qb4 Nb3 22. Qxb6 axb6 23. Rae1 f4 24. Bd1 Na5 25. Nd2 Nc6 26. Nb3 Be6 27. Bf3 Ne7 28. g4 g5 29. h4 h5 30. Kh3 Kg7 31. Kg2 hxg4 32. Bd1 Kh6 33. Bc2 Nf5 34. hxg5+ Kxg5 35. Bxf5 Bxf5 36. Nd2 Rh8 37. Rxh8 Rxh8 38. e6 Re8 39. e7 Kf6 40. Rf1 f3+ 41. Kg3 Rxe7 42. Rf2 Re2 43. Rxe2 fxe2 44. Kf2 Bd3 45. b4 Kg5 0-1

[Event "GBR-ch Major 102nd"]
[Site "Coventry"]
[Date "2015.08.04"]
[Round "8"]
[White "Danaher, James"]
[Black "Miller, Jacob"]
[Result "1/2-1/2"]
[WhiteElo "1734"]
[BlackElo "1957"]
[PlyCount "94"]
[EventDate "2015.07.27"]
[EventType "swiss"]
[EventRounds "11"]
[EventCountry "ENG"]
[SourceTitle "CBM 167 Extra"]
[Source "ChessBase"]
[SourceDate "2015.09.14"]
[SourceVersion "1"]
[SourceVersionDate "2015.09.14"]
[SourceQuality "1"]

1. e4 c5 2. Nc3 g6 3. f4 Bg7 4. Nf3 Nc6 5. Bc4 e6 6. 0-0 Nge7 7. Qe1 0-0 8. d3 Na5 9. Bb3 b6 10. Qh4 Nec6 11. Ng5 h6 12. f5 gxf5 13. exf5 Nxb3 14. f6 Nxc1 15. Nge4 Ne5 16. Qg3 Ng6 17. fxg7 Kxg7 18. Raxc1 f5 19. Nd6 Ba6 20. Rf4 Qe7 21. Ncb5 Bxb5 22. Nxb5 a6 23. Nc3 Qg5 24. Qxg5 hxg5 25. Rff1 b5 26. Rce1 Ne7 27. Re5 Rac8 28. g4 Ng6 29. Re2 Nf4 30. Re3 d5 31. Ne2 Nxe2+ 32. Rxe2 Rc6 33. gxf5 Rxf5 34. Rxf5 exf5 35. Re5 Kf6 36. Rxd5 a5 37. Kf2 b4 38. Kf3 a4 39. Rd8 a3 40. bxa3 bxa3 41. Ra8 Ke5 42. Rxa3 Rb6 43. Rc3 Kd5 44. a4 Rb4 45. Ra3 Rf4+ 46. Kg3 Rg4+ 47. Kf3 Rf4+ 1/2-1/2

[Event "GBR-ch Major 102nd"]
[Site "Coventry"]
[Date "2015.07.30"]
[Round "4"]
[White "Davis, Holden"]
[Black "Miller, Jacob"]
[Result "0-1"]
[WhiteElo "1704"]
[BlackElo "1957"]
[PlyCount "150"]
[EventDate "2015.07.27"]
[EventType "swiss"]
[EventRounds "11"]
[EventCountry "ENG"]
[SourceTitle "CBM 167 Extra"]
[Source "ChessBase"]
[SourceDate "2015.09.14"]
[SourceVersion "1"]
[SourceVersionDate "2015.09.14"]
[SourceQuality "1"]

1. e4 c5 2. d4 cxd4 3. c3 g6 4. Nf3 Bg7 5. Bc4 e6 6. cxd4 d5 7. exd5 exd5 8. Bb3 Nc6 9. Nc3 Nge7 10. h3 Qd6 11. 0-0 0-0 12. Bg5 Be6 13. Qd2 Nf5 14. Nb5 Qd7 15. g4 Nd6 16. Nxd6 Qxd6 17. Rfd1 Rfe8 18. Qf4 Qxf4 19. Bxf4 a6 20. Rac1 Rac8 21. Kg2 Na5 22. Bc2 Bf8 23. Nd2 b5 24. Be3 Nb7 25. f4 Bxg4 26. hxg4 Rxe3 27. Kf2 Ree8 28. Nf3 Nd6 29. Rh1 Bg7 30. Bb3 Rxc1 31. Rxc1 Nc4 32. Bxc4 bxc4 33. Ne5 Rb8 34. b3 Bxe5 35. fxe5 cxb3 36. axb3 Rxb3 37. Rc5 Rb5 38. Rc6 a5 39. Ra6 h6 40. Ke3 Kg7 41. Ra7 Rb3+ 42. Ke2 Rb4 43. Kd3 a4 44. e6 Kf6 45. exf7 Kg7 46. Ke3 h5 47. gxh5 gxh5 48. Kd3 h4 49. Kc3 Rc4+ 50. Kb2 Rxd4 51. f8Q+ Kxf8 52. Rh7 Kg8 53. Rh5 Kf7 54. Kc3 Rc4+ 55. Kb2 Ke6 56. Ka3 Kd6 57. Kb2 Kc5 58. Ka3 Rd4 59. Rh8 Kc4 60. Kxa4 Kd3+ 61. Kb3 Rg4 62. Rh5 d4 63. Kb2 Kd2 64. Rf5 d3 65. Rf2+ Ke3 66. Rh2 d2 67. Rh1 Rf4 68. Kc2 Ke2 69. Rh2+ Rf2 70. Rh1 h3 71. Rd1 h2 72. Rh1 Kf3 73. Ra1 Kg2 74. Ra8 h1Q 75. Rg8+ Kf1 0-1

[Event "BCF-ch Week2 AM op"]
[Site "Aberystwyth"]
[Date "2014.08.01"]
[Round "5"]
[White "Miller, Jacob"]
[Black "Talbot, Nathan"]
[Result "0-1"]
[WhiteElo "1780"]
[BlackElo "2026"]
[PlyCount "58"]
[EventDate "2014.07.28"]
[EventType "swiss"]
[EventRounds "5"]
[EventCountry "WLS"]
[SourceTitle "EXT 2017"]
[Source "ChessBase"]
[SourceDate "2016.10.25"]
[SourceVersion "1"]
[SourceVersionDate "2016.10.25"]
[SourceQuality "1"]

1. e4 e6 2. d4 d5 3. Nd2 Be7 4. Ngf3 Nf6 5. Bd3 c5 6. e5 Nfd7 7. c3 Nc6 8. 0-0 g5 9. dxc5 g4 10. Nd4 Ndxe5 11. N2b3 Nxd3 12. Qxd3 e5 13. Nb5 a6 14. Nd6+ Bxd6 15. cxd6 Qxd6 16. Be3 e4 17. Qd2 Be6 18. Bc5 Qc7 19. Bd4 Nxd4 20. Nxd4 h5 21. Qg5 Qe7 22. Qg7 0-0-0 23. Nxe6 Qxe6 24. Qd4 Kb8 25. Rad1 h4 26. c4 dxc4 27. Qxd8+ Rxd8 28. Rxd8+ Kc7 29. Rfd1 h3 0-1

[Event "BCF-ch Major op"]
[Site "Aberystwyth"]
[Date "2014.07.29"]
[Round "8"]
[White "Higgs, Joshua"]
[Black "Miller, Jacob"]
[Result "1/2-1/2"]
[WhiteElo "1889"]
[BlackElo "1780"]
[PlyCount "80"]
[EventDate "2014.07.21"]
[EventType "swiss"]
[EventRounds "11"]
[EventCountry "WLS"]
[SourceTitle "EXT 2017"]
[Source "ChessBase"]
[SourceDate "2016.10.25"]
[SourceVersion "1"]
[SourceVersionDate "2016.10.25"]
[SourceQuality "1"]

1. e4 c5 2. Nf3 g6 3. c3 Bg7 4. d4 cxd4 5. cxd4 d5 6. exd5 Nf6 7. Nc3 Nxd5 8. Bc4 Nb6 9. Bb3 0-0 10. h3 Nc6 11. Be3 Na5 12. Bc2 Nac4 13. b3 Nxe3 14. fxe3 Qc7 15. Qd2 Bd7 16. Bd3 Rac8 17. Ne4 Bc6 18. 0-0 Nd5 19. Nc3 Nxc3 20. Qxc3 Qd6 21. Rac1 Qg3 22. Qe1 Qd6 23. Qe2 e5 24. Nxe5 Bxe5 25. dxe5 Qxe5 26. Rce1 Rce8 27. Bc4 Kg7 28. Qf2 f5 29. Qf4 Re7 30. Qxe5+ Rxe5 31. Kf2 Rfe8 32. g3 R8e7 33. a4 Bd5 34. Bxd5 Rxd5 35. Rd1 Rde5 36. Rd3 a5 37. Rc1 b5 38. axb5 Rxb5 39. Rcc3 Reb7 40. Kf3 h5 1/2-1/2

[Event "BCF-ch Major op"]
[Site "Aberystwyth"]
[Date "2014.07.28"]
[Round "7"]
[White "Miller, Jacob"]
[Black "Wilson, Matthew R"]
[Result "1-0"]
[WhiteElo "1780"]
[BlackElo "1782"]
[PlyCount "57"]
[EventDate "2014.07.21"]
[EventType "swiss"]
[EventRounds "11"]
[EventCountry "WLS"]
[SourceTitle "EXT 2017"]
[Source "ChessBase"]
[SourceDate "2016.10.25"]
[SourceVersion "1"]
[SourceVersionDate "2016.10.25"]
[SourceQuality "1"]

1. e4 c5 2. Nc3 e6 3. f4 d5 4. Nf3 d4 5. Bb5+ Bd7 6. Bxd7+ Qxd7 7. Ne5 Qd8 8. Ne2 f6 9. Nf3 Nc6 10. d3 Bd6 11. 0-0 Nge7 12. a4 Qc7 13. Nd2 Ng6 14. Nc4 0-0 15. Nxd6 Qxd6 16. f5 exf5 17. Rxf5 Nce7 18. Rf1 f5 19. Ng3 fxe4 20. Nxe4 Qd5 21. Bg5 h6 22. Bd2 Rxf1+ 23. Qxf1 Rf8 24. Qe2 Nf4 25. Qg4 h5 26. Qf3 Neg6 27. Bxf4 Nxf4 28. h4 Ng6 29. Nf6+ 1-0

[Event "BCF-ch Atkins op"]
[Site "Aberystwyth"]
[Date "2014.07.27"]
[Round "4"]
[White "Bryant, Richard BE"]
[Black "Miller, Jacob"]
[Result "1/2-1/2"]
[WhiteElo "1917"]
[BlackElo "1780"]
[PlyCount "72"]
[EventDate "2014.07.25"]
[EventType "tourn"]
[EventRounds "5"]
[EventCountry "WLS"]
[SourceTitle "EXT 2017"]
[Source "ChessBase"]
[SourceDate "2016.10.25"]
[SourceVersion "1"]
[SourceVersionDate "2016.10.25"]
[SourceQuality "1"]

1. e4 c5 2. Nc3 g6 3. f4 Bg7 4. Nf3 Nc6 5. Bb5 Nd4 6. 0-0 e6 7. Bd3 a6 8. e5 Nxf3+ 9. Qxf3 d5 10. exd6 Qxd6 11. Ne4 Qc7 12. c3 Ne7 13. Bc2 0-0 14. d3 Rb8 15. Bd2 b6 16. Rad1 Bb7 17. Qe2 Rbd8 18. Be1 Nf5 19. g4 Nd6 20. Bg3 Nxe4 21. dxe4 f5 22. Bb3 Bxe4 23. Bxe6+ Kh8 24. Rxd8 Rxd8 25. Rd1 Rxd1+ 26. Qxd1 Qe7 27. gxf5 gxf5 28. Bc8 a5 29. Qh5 Bc6 30. Bxf5 Qe3+ 31. Kf1 Qc1+ 32. Be1 Qxf4+ 33. Bf2 Bb5+ 34. Kg2 Bc6+ 35. Kf1 Bb5+ 36. Kg2 Bc6+ 1/2-1/2

[Event "BCF-ch Atkins op"]
[Site "Aberystwyth"]
[Date "2014.07.26"]
[Round "2"]
[White "Fryer, David William"]
[Black "Miller, Jacob"]
[Result "1-0"]
[WhiteElo "1967"]
[BlackElo "1780"]
[PlyCount "85"]
[EventDate "2014.07.25"]
[EventType "tourn"]
[EventRounds "5"]
[EventCountry "WLS"]
[SourceTitle "EXT 2017"]
[Source "ChessBase"]
[SourceDate "2016.10.25"]
[SourceVersion "1"]
[SourceVersionDate "2016.10.25"]
[SourceQuality "1"]

1. e4 c5 2. Qh5 e6 3. f4 Nf6 4. Qf3 Nc6 5. c3 d5 6. d3 d4 7. g4 e5 8. f5 h6 9. h4 b6 10. g5 hxg5 11. hxg5 Rxh1 12. Qxh1 Ng4 13. Qh3 Ne3 14. Bxe3 dxe3 15. Qxe3 Bb7 16. Nd2 Qc7 17. 0-0-0 0-0-0 18. Kc2 Kb8 19. Nh3 b5 20. Kb1 Qb6 21. Nf2 a5 22. Ng4 Ba6 23. Rc1 b4 24. c4 a4 25. Nf3 Qc7 26. Qf2 Bc8 27. Qc2 b3 28. axb3 Nb4 29. Qc3 axb3 30. Qxb3 g6 31. Ne3 Bb7 32. f6 Rd6 33. Nc2 Rb6 34. Nxb4 Rxb4 35. Qc3 Bd6 36. Kc2 Bc6 37. b3 Bd7 38. Be2 Kc8 39. Rh1 Be6 40. Qa1 Qb7 41. Nd2 Rb6 42. Rh8+ Kc7 43. Ra8 1-0

[Event "BCF-ch Major op"]
[Site "Aberystwyth"]
[Date "2014.07.23"]
[Round "3"]
[White "French, Max"]
[Black "Miller, Jacob"]
[Result "1-0"]
[WhiteElo "1681"]
[BlackElo "1780"]
[PlyCount "59"]
[EventDate "2014.07.21"]
[EventType "swiss"]
[EventRounds "11"]
[EventCountry "WLS"]
[SourceTitle "EXT 2017"]
[Source "ChessBase"]
[SourceDate "2016.10.25"]
[SourceVersion "1"]
[SourceVersionDate "2016.10.25"]
[SourceQuality "1"]

1. d4 Nf6 2. c4 e6 3. Nf3 Bb4+ 4. Bd2 Qe7 5. Nc3 Nc6 6. g3 0-0 7. Bg2 d6 8. 0-0 Bxc3 9. Bxc3 e5 10. d5 Nb8 11. Qc2 a5 12. b3 Nh5 13. e4 f5 14. Nh4 f4 15. Nf5 Bxf5 16. exf5 Qg5 17. Bd2 Qxf5 18. Qxf5 Rxf5 19. g4 f3 20. gxf5 fxg2 21. Kxg2 Nd7 22. f4 exf4 23. Bxf4 Nc5 24. Rad1 Re8 25. Bd2 Nd3 26. Bxa5 Re2+ 27. Kg1 Ndf4 28. Rf3 Rxa2 29. Bxc7 Ne2+ 30. Kf1 1-0

[Event "BCF-ch Major op"]
[Site "Aberystwyth"]
[Date "2014.07.22"]
[Round "2"]
[White "Miller, Jacob"]
[Black "Hassall, Mark"]
[Result "1-0"]
[WhiteElo "1780"]
[BlackElo "1962"]
[PlyCount "45"]
[EventDate "2014.07.21"]
[EventType "swiss"]
[EventRounds "11"]
[EventCountry "WLS"]
[SourceTitle "EXT 2017"]
[Source "ChessBase"]
[SourceDate "2016.10.25"]
[SourceVersion "1"]
[SourceVersionDate "2016.10.25"]
[SourceQuality "1"]

1. e4 c5 2. Nc3 Nc6 3. f4 g6 4. Nf3 Bg7 5. Bb5 Nd4 6. 0-0 Nxb5 7. Nxb5 d5 8. exd5 a6 9. Nc3 Nf6 10. d4 Nxd5 11. dxc5 Nxc3 12. Qxd8+ Kxd8 13. bxc3 Bxc3 14. Rb1 Kc7 15. Rb3 Bf6 16. Bd2 Be6 17. Ba5+ Kc6 18. Rb6+ Kxc5 19. Nd2 Bd5 20. c4 Bc6 21. Nb3+ Kd6 22. Rd1+ Ke6 23. g4 1-0

[Event "BCF-ch Major op"]
[Site "Aberystwyth"]
[Date "2014.07.21"]
[Round "1"]
[White "Whitehead, Mark A"]
[Black "Miller, Jacob"]
[Result "1/2-1/2"]
[WhiteElo "2015"]
[BlackElo "1780"]
[PlyCount "61"]
[EventDate "2014.07.21"]
[EventType "swiss"]
[EventRounds "11"]
[EventCountry "WLS"]
[SourceTitle "EXT 2017"]
[Source "ChessBase"]
[SourceDate "2016.10.25"]
[SourceVersion "1"]
[SourceVersionDate "2016.10.25"]
[SourceQuality "1"]

1. e4 c5 2. Nc3 g6 3. g3 Bg7 4. Bg2 Nc6 5. d3 d6 6. Nge2 Rb8 7. 0-0 Nf6 8. a3 0-0 9. Rb1 b5 10. b4 cxb4 11. axb4 a5 12. bxa5 b4 13. Nd5 Bg4 14. f3 Be6 15. c4 bxc3 16. Rxb8 Qxb8 17. Ndxc3 Nxa5 18. Be3 Qb4 19. Qb1 Nb3 20. Rd1 Nd7 21. Na2 Qa5 22. Nac1 Rb8 23. Nxb3 Bxb3 24. Rf1 Qa4 25. Qc1 Bc2 26. Qd2 Rc8 27. Bh3 e6 28. d4 Bb3 29. Rc1 Rxc1+ 30. Qxc1 Bc4 31. Nf4 1/2-1/2